अतीत के झरोखे (Record no. 1045051)
[ view plain ]
| 000 -LEADER | |
|---|---|
| fixed length control field | 00659nam a2200181Ia 4500 |
| 008 - FIXED-LENGTH DATA ELEMENTS--GENERAL INFORMATION | |
| fixed length control field | 151018s9999 xx 000 0 und d |
| 082 ## - DEWEY DECIMAL CLASSIFICATION NUMBER | |
| Item number | RBASDV45875 |
| Classification number | 954 |
| 100 ## - MAIN ENTRY--PERSONAL NAME | |
| Personal name | महावीरप्रसाद द्विवेदी |
| 245 ## - TITLE STATEMENT | |
| Title | अतीत के झरोखे |
| 250 ## - EDITION STATEMENT | |
| Remainder of edition statement | 1 |
| 260 ## - PUBLICATION, DISTRIBUTION, ETC. (IMPRINT) | |
| Name of publisher, distributor, etc | अनुराग प्रकाशन |
| Date of publication, distribution, etc | 2006 |
| 300 ## - PHYSICAL DESCRIPTION | |
| Extent | 94 |
| 600 ## - SUBJECT ADDED ENTRY--PERSONAL NAME | |
| Personal name | महावीरप्रसाद द्विवेदी |
| 630 ## - SUBJECT ADDED ENTRY--UNIFORM TITLE | |
| Uniform title | अतीत के झरोखे |
| 700 ## - ADDED ENTRY--PERSONAL NAME | |
| Personal name | महावीरप्रसाद द्विवेदी |
| 730 ## - ADDED ENTRY--UNIFORM TITLE | |
| Uniform title | अतीत के झरोखे |
| 942 ## - ADDED ENTRY ELEMENTS (KOHA) | |
| Koha item type | Book |
| Withdrawn status | Lost status | Damaged status | Not for loan | Home library | Current library | Date acquired | Cost, normal purchase price | Total Checkouts | Full call number | Barcode | Date last seen | Cost, replacement price | Price effective from | Koha item type |
|---|---|---|---|---|---|---|---|---|---|---|---|---|---|---|
| R.B. Anant Shivaji Desai Vachanalaya and Granthalaya, Kudal | R.B. Anant Shivaji Desai Vachanalaya and Granthalaya, Kudal | 07/08/2009 | 21.00 | RBASDV45875 | RBASDV45875 | 10/18/2015 | 21.00 | 10/18/2015 | Book |